Les pièces du Stratego classique - Statistiques

Statistiques générales
  • Ce quiz a été pris 29 fois
  • Le résultat moyen est 9 sur 12
Statistiques - réponses
Valeur Pièce % Correct
0 Bombes
88%
0 Drapeau
88%
9 Général
84%
2 Eclaireurs
80%
1 Espion
80%
6 Capitaines
76%
8 Colonels
76%
3 Démineurs
76%
5 Lieutenants
76%
7 Commandants
72%
10 Maréchal
72%
4 Sergents
72%
Aucun quiz correspondant
Distribution des résultats
% des personnes avec chaque résultat
Percentile par nombre de réponses
Votre historique - résultats
Vous n’avez pas pris ce quiz